Tous les sons de Jul - #1 - Statistiques

Statistiques générales
  • Ce quiz a été pris 238 fois
  • Le résultat moyen est 63 sur 500
Statistiques - réponses
Album Titre % Correct
Dans ma paranoïa Dans ma paranoïa
78%
Dans ma paranoïa J'oublie tout
62%
Album gratuit vol 2 Tchikita
61%
Je tourne en rond Ca
55%
La zone en personne Asalto
54%
C'est pas des LOL Ibiza
53%
Inspi d'ailleurs Inspi d'ailleurs
53%
Je ne me vois pas briller Ma jolie
53%
Dans ma paranoïa Tu la love
53%
My world En Y
51%
L'ovni On m'appelle l'ovni
50%
Je ne me vois pas briller La zone
49%
My world My world
49%
My world Wesh alors
49%
Album gratuit Avant la douane
47%
Bonus: feat 13organisé Bande organisé
47%
Émotions Émotions
47%
My world Amnésia
45%
Inspi d'ailleurs Bwo
45%
C'est pas des LOL C'est pas des LOL
45%
Rien 100 rien Sous la lune
45%
Rien 100 rien JCVD
43%
Je tourne en rond Je tourne en rond
43%
Rien 100 rien La bandite
43%
My world Mama
43%
Inspi d'ailleurs Toto et Ninetta
43%
My world Comme d'hab
42%
Rien 100 rien La machine
41%
Album gratuit vol 4 Parfum quartier
41%
Demain ca ira Alors la zone
40%
La zone en personne La zone en personne
40%
Lacrizeomic Loin
40%
Dans ma paranoïa Sort le cross volé
40%
La tête dans les nuages La tête dans les nuages
39%
Album gratuit vol 4 Drole de dame
36%
La machine Italia
36%
My world Lova
36%
Émotions Mon bijou
36%
L'ovni Elle et l'autre
35%
Je trouve pas le sommeil Señora
35%
Je ne me vois pas briller Je ne me vois pas briller
34%
Lacrizeomic Anti BDH
33%
Je trouve pas le sommeil Je trouve pas le sommeil
33%
L'ovni C'est le son de la gratte
32%
Je trouve pas le sommeil La fusée
32%
La tête dans les nuages Madame
32%
La zone en personne Dans tes yeux
30%
Bonus: feat Gradur D'or et de platine
30%
Émotions La classe
30%
Inspi d'ailleurs Pim pom
30%
La zone en personne Pour un violet
30%
La machine Sousou
29%
La zone en personne Amore
28%
Lacrizeomic Briganté
28%
Dans ma paranoïa Dans mon del
28%
L'ovni ET
28%
La zone en personne Ma che beauté
28%
Demain ca ira C'est la cité
27%
C'est pas des LOL crocodile
27%
Je trouve pas le sommeil Lacrizeomic
27%
C'est pas des LOL Pow pow
27%
La tête dans les nuages Comme les gens d'ici
26%
Je ne me vois pas briller Je suis resté le meme
26%
Dans ma paranoïa Le sang
26%
My world Dans l'appart
25%
La tête dans les nuages Délicieuse
24%
Loin du monde La pharmacie
24%
Loin du monde Loin de tout
24%
Demain ca ira Pic et pic alcool et drame
24%
Dans ma paranoïa Winners
24%
La tête dans les nuages Henrico
23%
La zone en personne Avant GTR
22%
C'est pas des LOL Fréquenter
22%
Jul Jack miel
22%
C'est pas des LOL Mon bébé d'amour
22%
Rien 100 rien Salvatrucha
22%
Dans ma paranoïa Tout seul
22%
L'ovni Je fais le sourd
21%
Je tourne en rond Lady
21%
Inspi d'ailleurs Mélancolie du soir
21%
Loin du monde Mother fuck
21%
Rien 100 rien Tel me
21%
Je ne me vois pas briller Beely
20%
My world Couccou
20%
Album gratuit Cousine
20%
Je tourne en rond Goodbye
20%
L'ovni Je suis pas fou
20%
Dans ma paranoïa Malade
20%
La tête dans les nuages Mauvaise journée
20%
La machine Ce soir
19%
Inspi d'ailleurs Coup de genoux
19%
La tête dans les nuages Amigo
18%
Dans ma paranoïa Au quartier
18%
C'est pas des LOL Beuh magique
18%
Dans ma paranoïa C'est trop
18%
My world Dans la légende
18%
Dans ma paranoïa Grillé
18%
Je trouve pas le sommeil J'mévade
18%
La zone en personne Le jeune
18%
Dans ma paranoïa Mon son vient d'ailleurs
18%
Je trouve pas le sommeil Nique-le
18%
My world Pour les taulards
18%
Dans ma paranoïa T'es pas le seul
18%
C'est pas des LOL 6.35
17%
Dans ma paranoïa Audi volée
17%
Dans ma paranoïa Jeune de cité
17%
Demain ca ira Limitless
17%
My world Mercé
17%
Album gratuit Par la
17%
Demain ca ira Rosé jetski playa
17%
La zone en personne Chiron
16%
My world Elle te balade
16%
My world Ghost rider
16%
Album gratuit Je me promène
16%
Bonus: feat Ninho Jusqu'à minuit
16%
La zone en personne La vie est faite comme ca
16%
La zone en personne Le deum
16%
Rien 100 rien Mademoiselle
16%
My world Ne m'en voulez pas
16%
Dans ma paranoïa N'importe quoi
16%
Jul Oubliez-moi
16%
L'ovni Qui a dit
16%
Je trouve pas le sommeil Seul au monde
16%
Loin du monde Son ex
16%
Album gratuit vol 5 Vatos
16%
La zone en personne Et je deviens fou
15%
La tête dans les nuages Je traîne seul
15%
Rien 100 rien Le loup
15%
Inspi d'ailleurs Pekenio
15%
My world Pour les vaillants
15%
Rien 100 rien Professor
15%
Je ne me vois pas briller Cagoulé
14%
L'ovni C'est ca
14%
My world Encore des paroles
14%
La zone en personne Hallelujah
14%
My world Ils m'ignorent
14%
Émotions Je picole
14%
My world Le patron
14%
My world Mamasita
14%
Je trouve pas le sommeil Marseille-Paris
14%
La tête dans les nuages Temps d'avant
14%
Je tourne en rond | Lacrizeomic Terter
14%
Rien 100 rien Tokyo
14%
Album gratuit vol 4 En crabe
13%
Inspi d'ailleurs Fais moi la passe
13%
Émotions J'attends
13%
Inspi d'ailleurs Je pilote
13%
Album gratuit vol 3 Lacrizeotiek
13%
Je trouve pas le sommeil Ma life
13%
Je tourne en rond Mon rêve
13%
Émotions On est trop
13%
La zone en personne Poussette
13%
La tête dans les nuages Samantha
13%
C'est pas des LOL Santchelita
13%
Demain ca ira Assassinat
12%
Rien 100 rien BDG
12%
Lacrizeomic Ca me dégoute
12%
Album gratuit Ce que je vois
12%
Émotions C'est pas beau
12%
Je ne me vois pas briller C'est pas ma faute
12%
My world C'est réel
12%
Émotions Ciro
12%
La zone en personne Dors petit dors
12%
Émotions Fusiller
12%
Je tourne en rond Gros
12%
Album gratuit vol 3 Imagine
12%
Jul Je t'avais dit de l'oublier
12%
Je ne me vois pas briller Saoulé
12%
Je ne me vois pas briller Survet du milan
12%
Demain ca ira Tereza
12%
La zone en personne VNTM
12%
Je tourne en rond Ca vient de la
11%
Album gratuit Cogno
11%
Album gratuit Crapuleux
11%
Album gratuit Elle veut
11%
La zone en personne En quarantaine
11%
Album gratuit Etat d'ame
11%
Je tourne en rond Ils sont jaloux
11%
Album gratuit vol 4 Je leve la moto
11%
Lacrizeomic Je profite
11%
La zone en personne Je t'aimais bien
11%
La zone en personne Je vais tout casser
11%
Loin du monde La passat
11%
Lacrizeomic L'histoire
11%
La zone en personne Ma chérie
11%
Je ne me vois pas briller Mon tiek ti amo
11%
Lacrizeomic N'imite pas
11%
Album gratuit vol 5 On se régale
11%
La zone en personne Pablito
11%
Rien 100 rien Pas de love
11%
Je tourne en rond Perdu
11%
Album gratuit vol 5 Pocahontas
11%
Lacrizeomic Sens interdit
11%
La zone en personne Sur pépé
11%
Je trouve pas le sommeil Vida loca
11%
La machine Ca sent bon
10%
La zone en personne Come vai
10%
My world Dans le futur
10%
Album gratuit vol 3 En douceur
10%
Jul Frangin
10%
Rien 100 rien GTA
10%
Je tourne en rond Je peux pas
10%
Demain ca ira Le bouton
10%
La tête dans les nuages Le jaloux
10%
Je trouve pas le sommeil Le regard des gens
10%
Bonus: feat Soprano Marseille c'est
10%
Album gratuit 6 Moi
10%
Émotions Mon poto
10%
Inspi d'ailleurs Petit frère
10%
Album gratuit Toujours
10%
C'est pas des LOL Un casse
10%
Je ne me vois pas briller Vendetta
10%
Je ne me vois pas briller A la cité
9%
Je trouve pas le sommeil Arrête de parler
9%
Loin du monde Brouncha
9%
L'ovni Carnalito
9%
Album gratuit 6 Carré d'as
9%
Lacrizeomic Ca veut ton cash
9%
Bonus: feat Sasso C'est ma vie
9%
L'ovni Como te llamas
9%
Je tourne en rond Dans ma cité
9%
My world Du jour au lendemain
9%
La tête dans les nuages Facilement
9%
C'est pas des LOL Faut que je me tire de la
9%
La machine Folie
9%
Album gratuit Gingst
9%
L'ovni Je m'en fous de ta nana
9%
My world La gachette
9%
Album gratuit La haine
9%
Je ne me vois pas briller Le 46 de rossi
9%
L'ovni Mais qu'est ce qu'on s'en bat les couilles
9%
Album gratuit MC
9%
C'est pas des LOL Mexico
9%
Bonus: feat SCH Mode akimbo
9%
Je trouve pas le sommeil Pourquoi tu me fais le gros
9%
Lacrizeomic Pour un rien
9%
Inspi d'ailleurs Quelqu'un d'autre t'aimera
9%
Rien 100 rien Sakakini
9%
La zone en personne Sangoten
9%
Lacrizeomic T'as coulé
9%
Je tourne en rond Tout droit
9%
Je ne me vois pas briller Va te faire foutre
9%
Émotions Vivre mes rêves
9%
Je tourne en rond 1er dans la bataille
8%
Album gratuit Chargé
8%
Album gratuit vol 4 Dans la voiture a batman
8%
La tête dans les nuages Fratellu
8%
Album gratuit J'ai beau crier
8%
Émotions Je trace ma route
8%
Album gratuit Je vide mon sac
8%
Album gratuit vol 4 La ghetto
8%
Jul Le temps passe
8%
Je trouve pas le sommeil Message aux rageux
8%
Je ne me vois pas briller Monde violent
8%
Album gratuit On nique tout
8%
La tête dans les nuages Ou lalala
8%
Lacrizeomic Posé à la place 2
8%
Lacrizeomic Regardes pas de travers
8%
Jul Respecte
8%
Album gratuit Rolala
8%
La zone en personne Si tu savais
8%
Je trouve pas le sommeil T'as le boule
8%
Émotions Traître
8%
Album gratuit Très loin
8%
La machine Veste quechua
8%
Je tourne en rond Vis mon malheur
8%
Émotions Allez le sang
7%
Rien 100 rien Bagarre
7%
Album gratuit vol 3 Borussia
7%
Album gratuit Ca ne change pas
7%
Je ne me vois pas briller Ca rêve
7%
My world C'est chaud
7%
Émotions C'est rien
7%
La machine Confinement
7%
Album gratuit vol 3 Coup de foudre
7%
Je trouve pas le sommeil Dans l'game
7%
Album gratuit Dans une autre planète
7%
Loin du monde Dors on te piétine
7%
Jul Dur dur
7%
C'est pas des LOL Emmenez-moi
7%
My world En place
7%
La machine Fait d'or
7%
Rien 100 rien Faux poto
7%
Album gratuit 6 Fou d'elle
7%
Je ne me vois pas briller Full option
7%
Album gratuit vol 5 Gilera
7%
Rien 100 rien Hey
7%
My world Il me faut des billets
7%
Jul J'ai pas que ca a faire
7%
Inspi d'ailleurs Je fais mes bails
7%
Demain ca ira Je kill au mic
7%
La tête dans les nuages Je ne veux pas partir
7%
Rien 100 rien Je parle pas chinois
7%
Album gratuit Je regarde le monde
7%
Album gratuit Je suis faché
7%
La zone en personne Je suis pas solo
7%
Jul Je vise le sommet
7%
Demain ca ira John
7%
Rien 100 rien J'suis loin
7%
C'est pas des LOL La doudoune
7%
Jul La où la vie me mène
7%
C'est pas des LOL Le combat
7%
Inspi d'ailleurs Loca
7%
Je trouve pas le sommeil Mets les en I
7%
Album gratuit Ne pleure pas
7%
La zone en personne Oh fou
7%
Lacrizeomic On survit
7%
Album gratuit 6 Ovni présent
7%
Rien 100 rien Papa Maman
7%
L'ovni Peu m'importe
7%
Jul Phénomène du ghetto
7%
Je tourne en rond Plus de respect
7%
Je trouve pas le sommeil Qu'ils me laissent
7%
Je ne me vois pas briller Qui sait
7%
La zone en personne T'as tout gagné
7%
Album gratuit Team D&P
7%
Inspi d'ailleurs TKT
7%
Émotions Toujours la dalle
7%
Je ne me vois pas briller Tout va bene
7%
La tête dans les nuages Tu mentiras
7%
Album gratuit Un couplet
7%
La machine Vatos locos
7%
La machine Zubrowska
7%
Jul A bout de nerfs
6%
Album gratuit vol 2 Agis ou ferme tgl
6%
L'ovni Ah c'est comme ca
6%
Inspi d'ailleurs Au pire
6%
Je tourne en rond C'est ca que je te reproche
6%
Album gratuit Ces temps ci
6%
Album gratuit vol 2 Dans le gamos
6%
Album gratuit vol 2 Et ouais
6%
Loin du monde Feux
6%
Demain ca ira Finito
6%
Demain ca ira G-shock
6%
L'ovni J'ai fumé ma ganja
6%
Jul Je me jette à l'eau
6%
Je ne me vois pas briller Je ne joue pas les thugs
6%
Je tourne en rond Je suis comme un autre
6%
Jul On veut le million
6%
Émotions Où je vais
6%
Rien 100 rien Ratata
6%
Émotions Rien a cirer
6%
Je trouve pas le sommeil Trop de vice
6%
La zone en personne Ya foye
6%
Album gratuit vol 4 4 heure du mat
5%
Album gratuit vol 4 Alcoolisé
5%
Album gratuit vol 4 Aujourd'hui
5%
C'est pas des LOL Au péage
5%
La zone en personne Avec la chapka
5%
Album gratuit vol 3 Avec mes gars
5%
Album gratuit 6 Bandit
5%
Album gratuit vol 2 Chapeau de paille
5%
La zone en personne Chez moi
5%
Je ne me vois pas briller Comment te dire
5%
La tête dans les nuages Comme un fou
5%
Bonus: feat Kamikaz Dans mes rêves
5%
Inspi d'ailleurs Dans sa bulle
5%
La machine Davai davai
5%
Inspi d'ailleurs En attendant
5%
Album gratuit vol 5 Ghettoiser
5%
Loin du monde Guadalajara
5%
Loin du monde Guytoune
5%
Album gratuit Ils chantent tous
5%
L'ovni J'ai dit
5%
Je tourne en rond J'ai fini seul
5%
La zone en personne J'ai la mort
5%
Album gratuit vol 2 J'aime
5%
L'ovni Je dis rien je vois tout j'entends
5%
Demain ca ira Je m'endors mal luné
5%
Demain ca ira Je n'ai pas que des potes
5%
Album gratuit Je ne te reconnais pas
5%
La tête dans les nuages Je ne vous oublie pas
5%
Émotions Je pense à eux
5%
La zone en personne Je vais danser
5%
Loin du monde Je vais pas redonner
5%
La tête dans les nuages Je vais t'oublier
5%
Rien 100 rien La folie du terter
5%
Album gratuit 6 Le crémeux
5%
La machine Macbook
5%
Émotions Mon petit
5%
C'est pas des LOL Nia
5%
Album gratuit vol 5 Numero ten
5%
C'est pas des LOL Oh maman
5%
L'ovni Qué pasa
5%
Album gratuit vol 3 Salivé
5%
Loin du monde Sous terre
5%
Loin du monde SUV
5%
Demain ca ira Tchyco
5%
Inspi d'ailleurs Tout grailler
5%
Demain ca ira Transporteur
5%
Loin du monde Un autre monde
5%
Album gratuit 6 Vite faistre
5%
L'ovni Y'a pas de stress
5%
Je ne me vois pas briller Y'a plus de doute
5%
Album gratuit vol 5 A la vida a la muerte
4%
Album gratuit vol 2 Askip
4%
Album gratuit 6 Burberry
4%
Album gratuit vol 5 Ca va peter
4%
La machine C'est un bonbon
4%
Album gratuit vol 2 Charbon
4%
C'est pas des LOL Collé au mic
4%
Album gratuit vol 4 Fier 13terter
4%
Loin du monde Holdup
4%
Je tourne en rond Hors la loi
4%
L'ovni Je sais ce que je vaux
4%
Album gratuit Je sais que tu ne m'aimes pas
4%
L'ovni Je te voyais comme
4%
C'est pas des LOL J'men bats les couilles
4%
L'ovni Jusqu'ici tout va bien
4%
Inspi d'ailleurs La rue dans le cayenne
4%
Loin du monde Les gens
4%
Album gratuit vol 3 Oh la ils ont mis
4%
Je ne me vois pas briller Quand on est pas la
4%
La zone en personne Qu'est ce que je t'ai fait
4%
Demain ca ira Tragique
4%
Album gratuit vol 4 Tu fais le voyou
4%
La zone en personne Tu vois je veux dire
4%
Album gratuit vol 2 Wesh fils de
4%
Album gratuit vol 3 yamaha debout
4%
Album gratuit vol 2 500 chevaux
3%
Album gratuit 6 A coup de crick
3%
Inspi d'ailleurs Bientôt je me taille
3%
C'est pas des LOL Bouge moi de la
3%
C'est pas des LOL Ca mange la barre
3%
C'est pas des LOL Cartel de platine
3%
C'est pas des LOL Ca tombe pas du ciel
3%
Album gratuit vol 4 C'est pas facile
3%
C'est pas des LOL Cremoso
3%
C'est pas des LOL Dans le club
3%
Album gratuit vol 3 Drole de vie
3%
Album gratuit vol 4 Equipe enervée
3%
Rien 100 rien Fatigué
3%
C'est pas des LOL Flu
3%
La zone en personne J'ai des images
3%
C'est pas des LOL J'ai passé l'âge
3%
Album gratuit vol 2 J'ai pensé
3%
Rien 100 rien Je fais mon tour
3%
La zone en personne Je répond plus
3%
La machine Je suis pas ton pote
3%
Album gratuit vol 3 La guardia
3%
Inspi d'ailleurs Les temps changent comme les gens
3%
Album gratuit vol 2 Léwé
3%
Inspi d'ailleurs Mauvaises tentations
3%
Album gratuit vol 5 Ne me dis pas bonjour
3%
Jul On s'en bats les...
3%
Album gratuit vol 3 Personne n'est parfait
3%
La machine Pour la street
3%
La zone en personne Qu'est ce que tu me dis
3%
La machine Toi-même tu sais
3%
Album gratuit vol 2 Tu fais l'idiot
3%
Album gratuit vol 4 Tu m'emboucanes
3%
Album gratuit vol 3 Vie de batard
3%
C'est pas des LOL Y'a la police
3%
Album gratuit 6 A l'impro
2%
C'est pas des LOL Ca a tiré
2%
Demain ca ira Cassage de nuques 4
2%
Album gratuit vol 4 Comme à l'époque
2%
Album gratuit 6 En chair et en or
2%
La machine Fais tes comptes
2%
La machine Grande
2%
Album gratuit vol 2 Les jaloux m'écoutent
2%
Loin du monde Mauvais garçon
2%
Demain ca ira Mental d'or et de platine
2%
Album gratuit vol 5 No tengo
2%
Album gratuit vol 2 On détale
2%
La machine Pas méchant
2%
La machine Pourquoi tu mens
2%
La machine Que ca dure
2%
La machine Rentrez pas dans ma tête
2%
C'est pas des LOL Touloutoutou
2%
La machine Bravo
1%
Album gratuit 6 Ca me guintch
1%
C'est pas des LOL Cassage de nuques 3
1%
Album gratuit 6 C'est ca la vie
1%
Loin du monde Comme un voyou
1%
Album gratuit vol 5 DPC - casque arai
1%
La machine En cas de
1%
Album gratuit 6 Faut faire des choix
1%
Album gratuit vol 5 J'ai le boubou
1%
La machine J'ai tout essayé
1%
La zone en personne Je dirais plus je t'aime
1%
C'est pas des LOL Je mets le way
1%
Album gratuit vol 5 Je ne suis pas un client
1%
Album gratuit vol 5 Je reste a la maison
1%
Album gratuit vol 5 Je serre
1%
La machine J'suis pas parti
1%
La machine Laisse moi la seul
1%
Je trouve pas le sommeil Poto t'es où
1%
Album gratuit vol 3 Que ca me chauffe
1%
Album gratuit vol 2 Si seulement
1%
C'est pas des LOL T'es un gonflé
1%
La machine Toute la ligne
1%
La machine Toute la nuit
1%
La machine Eh ouai fils
0%
Je ne me vois pas briller Flecheur de fou
0%
Album gratuit vol 5 Je me prends trop la tête
0%
La zone en personne On m'as tourner le dos
0%
Album gratuit vol 5 Plus rien ne m'arrete
0%
C'est pas des LOL Tans pis pour toi
0%
Aucun quiz correspondant
Distribution des résultats
% des personnes avec chaque résultat
Percentile par nombre de réponses
Votre historique - résultats
Vous n’avez pas pris ce quiz